Study on autonomy of the minerals and metals trading corporation of India limited (Record no. 501115)

000 -LEADER
fixed length control field 00468cam a22001457a 4500
008 - FIXED-LENGTH DATA ELEMENTS--GENERAL INFORMATION
fixed length control field 180718b1977 xxu||||| |||| 00| 0 eng d
082 ## - DEWEY DECIMAL CLASSIFICATION NUMBER
Classification number APPPA 76-77 ROY
100 ## - MAIN ENTRY--PERSONAL NAME
Personal name Roy, R.C.
245 ## - TITLE STATEMENT
Title Study on autonomy of the minerals and metals trading corporation of India limited
Statement of responsibility, etc. by R.C. Roy
260 ## - PUBLICATION, DISTRIBUTION, ETC.
Place of publication, distribution, etc. New Delhi
Name of publisher, distributor, etc. Indian Institute of Public Administration
Date of publication, distribution, etc. 1977
300 ## - PHYSICAL DESCRIPTION
Extent 75+p.
650 ## - SUBJECT ADDED ENTRY--TOPICAL TERM
Topical term or geographic name entry element Metals trading corporation
650 ## - SUBJECT ADDED ENTRY--TOPICAL TERM
Topical term or geographic name entry element Minerals
650 ## - SUBJECT ADDED ENTRY--TOPICAL TERM
Topical term or geographic name entry element Autonomy
Holdings
Withdrawn status Lost status Damaged status Not for loan Permanent Location Current Location Date acquired Full call number Barcode Date last seen Price effective from Koha item type
        Indian Institute of Public Administration Indian Institute of Public Administration 2018-08-04 APPPA 76-77 ROY GR10676 2018-08-04 2018-08-04 GR

Powered by Koha